| 000 | 00657nam a2200169Ia 4500 | ||
|---|---|---|---|
| 008 | 090711s9999 xx 000 0 und d | ||
| 082 | _b9899 | ||
| 100 | _aएक अभ्यासू | ||
| 245 | _aनोकरी करणारांसाठी मार्गदर्शन | ||
| 260 |
_bउद्यम प्रकाशन _c1958 |
||
| 300 | _a52 | ||
| 600 | _aएक अभ्यासू | ||
| 630 | _aनोकरी करणारांसाठी मार्गदर्शन | ||
| 700 | _aएक अभ्यासू | ||
| 730 | _aनोकरी करणारांसाठी मार्गदर्शन | ||
| 942 | _cBOOK | ||
| 999 |
_c284141 _d284141 |
||